| Tag |
First Indicator |
Second Indicator |
Subfields |
| LEADER |
00000cam a22000004a 4500 |
| 001 |
in00002281007 |
| 005 |
20151105101009.0 |
| 008 |
061120s2007 enk b 001 0 eng |
| 010 |
|
|
|a 2006038905
|
| 020 |
|
|
|a 9780415365772 (hardback : alk. paper)
|
| 020 |
|
|
|a 0415365775 (hardback : alk. paper)
|
| 035 |
|
|
|a (OCoLC)ocm76828807
|
| 035 |
|
|
|a (OCoLC)76828807
|
| 040 |
|
|
|a DLC
|c DLC
|d BTCTA
|d BAKER
|d YDXCP
|d C#P
|d UtOrBLW
|
| 043 |
|
|
|a n-us---
|
| 049 |
|
|
|a TXAM
|
| 050 |
0 |
0 |
|a JZ1480
|b .H365 2007
|
| 082 |
0 |
0 |
|a 327.73
|2 22
|
| 100 |
1 |
|
|a Hancock, Jan.
|
| 245 |
1 |
0 |
|a Human rights and US foreign policy /
|c Jan Hancock.
|
| 264 |
|
1 |
|a London ;
|a New York :
|b Routledge,
|c 2007.
|
| 300 |
|
|
|a x, 226 pages ;
|c 25 cm.
|
| 336 |
|
|
|a text
|b txt
|2 rdacontent
|
| 337 |
|
|
|a unmediated
|b n
|2 rdamedia
|
| 338 |
|
|
|a volume
|b nc
|2 rdacarrier
|
| 490 |
1 |
|
|a Routledge research in human rights ;
|v 1
|
| 504 |
|
|
|a Includes bibliographical references (pages [202]-223) and index.
|
| 505 |
0 |
|
|a The hegemonic discourse -- The hegemonic discourse of Wilson and Carter -- Inconsistent application of human rights -- Consistent application of human rights -- War on Terror -- War on Afghanistan -- War on Iraq.
|
| 651 |
|
0 |
|a United States
|x Foreign relations.
|
| 650 |
|
0 |
|a Human rights.
|
| 650 |
|
0 |
|a War on Terrorism, 2001-2009.
|
| 830 |
|
0 |
|a Routledge research in human rights ;
|v 1.
|
| 856 |
4 |
1 |
|3 Table of contents only
|u http://www.loc.gov/catdir/toc/ecip075/2006038905.html
|t 0
|
| 938 |
|
|
|a Baker and Taylor
|b BTCP
|n 2006038905
|
| 938 |
|
|
|a Baker & Taylor
|b BKTY
|c 120.00
|d 120.00
|i 0415365775
|n 0007153332
|s active
|
| 938 |
|
|
|a YBP Library Services
|b YANK
|n 100465929
|
| 945 |
|
|
|a PromptCat
|b 207177
|
| 946 |
|
|
|a stk
|
| 947 |
|
|
|a A14836220978
|
| 948 |
|
|
|a cataloged
|b h
|c 2007/8/29
|d c
|e dmartine
|f 2:10:19 pm
|
| 994 |
|
|
|a 92
|b TXA
|
| 999 |
|
|
|a MARS
|
| 999 |
f |
f |
|s 2897d0b7-8998-3845-9c27-d5eca31153e2
|i c825bf71-e0a3-3fbb-b6a2-61632047108f
|t 0
|
| 952 |
f |
f |
|p ric
|a Texas A&M University
|b Rellis Campus
|c Joint Library Facility
|d Remote Storage
|t 0
|e JZ1480 .H365 2007
|h Library of Congress classification
|i unmediated -- volume
|m A14836220978
|
| 998 |
f |
f |
|a JZ1480 .H365 2007
|t 0
|l Remote Storage
|